Sooraj pa dastak (Record no. 572771)
[ view plain ]
| 000 -LEADER | |
|---|---|
| fixed length control field | 00354nam a22001577a 4500 |
| 003 - CONTROL NUMBER IDENTIFIER | |
| control field | CEME |
| 005 - DATE AND TIME OF LATEST TRANSACTION | |
| control field | 20210628203233.0 |
| 008 - FIXED-LENGTH DATA ELEMENTS--GENERAL INFORMATION | |
| fixed length control field | 210125b xxu||||| |||| 00| 0 eng d |
| 040 ## - CATALOGING SOURCE | |
| Transcribing agency | . |
| 082 ## - DEWEY DECIMAL CLASSIFICATION NUMBER | |
| Classification number | 891.4391 SHA |
| 100 ## - MAIN ENTRY--PERSONAL NAME | |
| Personal name | Sooraj Shah |
| 9 (RLIN) | 64184 |
| 245 ## - TITLE STATEMENT | |
| Title | Sooraj pa dastak |
| 260 ## - PUBLICATION, DISTRIBUTION, ETC. | |
| Place of publication, distribution, etc. | RAWALPINDI |
| Name of publisher, distributor, etc. | |
| Date of publication, distribution, etc. | 2010 |
| 300 ## - PHYSICAL DESCRIPTION | |
| Extent | 182P |
| 942 ## - ADDED ENTRY ELEMENTS (KOHA) | |
| Koha item type | Book |
| Source of classification or shelving scheme | |
| Withdrawn status | Lost status | Source of classification or shelving scheme | Damaged status | Not for loan | Permanent Location | Current Location | Shelving location | Date acquired | Shelving control number | Full call number | Barcode | Date last seen | Price effective from | Koha item type | Public note |
|---|---|---|---|---|---|---|---|---|---|---|---|---|---|---|---|
| College of Electrical & Mechanical Engineering (CEME) | College of Electrical & Mechanical Engineering (CEME) | Fiction | 11/25/2025 | Urdu Literature | 891.4391 SHA | CEME-45342 | 06/28/2021 | 06/28/2021 | Book | 1.0 | |||||
| College of Electrical & Mechanical Engineering (CEME) | College of Electrical & Mechanical Engineering (CEME) | Fiction | 11/25/2025 | Urdu Literature | 891.4391 SHA | CEME-45343 | 06/28/2021 | 06/28/2021 | Book | 1.0 |
